000 00600nam a2200169 a 4500
008 090325s2006 ||||||||||||||||| || u
020 _a9780091910839
050 _aTH 4815 Sne
100 _aSnell, David
245 1 0 _aBuilding your own home. -- 18th ed.
_cDavid Snell
260 _aLondon
_bEbury
_c2006
300 _a464p.: ill.
350 _a0.00
650 _aBUILDING
650 _aHOUSE CONSTRUCTION--AMATEUR'S MANUALS
995 _D0.00
_FCBU-MAIN LIBRARY (Kitwe)
_H1
_I0.00
_M1
_UAVAILABLE
_WMay 14, 2009
_ZMain Library Open Access Collection
999 _c36334
_d36334